UM Logo
Normal view MARC view
  • Zalaquett, Carlos P.,

Entry Personal Name

Number of records used in: 1

001 - CONTROL NUMBER

  • control field: 52907

003 - CONTROL NUMBER IDENTIFIER

  • control field: OSt

005 - DATE AND TIME OF LATEST TRANSACTION

  • control field: 20240222091041.0

008 - FIXED-LENGTH DATA ELEMENTS

  • fixed length control field: 240222|| aca||aabn | a|a d

040 ## - CATALOGING SOURCE

  • Original cataloging agency: OSt
  • Transcribing agency: OSt

100 ## - HEADING--PERSONAL NAME

  • Personal name: Zalaquett, Carlos P.,
  • Relator term: author.

670 ## - SOURCE DATA FOUND

  • Source citation: Work cat.: (OSt): Ivey, Allen F. 52903, Intentional interviewing and counseling : , ©2023.